| 000 | 00759nam a22002537a 4500 | ||
|---|---|---|---|
| 005 | 20140825124711.0 | ||
| 010 | _aENG-110676 | ||
| 020 |
_a9789339204945 _c995.00 |
||
| 020 |
_a9339204948 _c995.00 |
||
| 035 | _aEN-94208 | ||
| 037 | _bDBAD/PUB | ||
| 082 | _a629.1354 | ||
| 100 | _aEismin, Thomas K. | ||
| 245 |
_aAircraft electricity and electronics / _cby Thomas K. Eismin |
||
| 250 | _a6th ed | ||
| 260 |
_aNew Delhi _bMcGraw Hill Education _c2014 |
||
| 270 |
_aP-24, Green Park Extn. _bNew Delhi _e110016 |
||
| 300 |
_axiii,491p. _c28cm(pbk) |
||
| 500 | _aIncludes index | ||
| 650 |
_aAirplanes _xElectric equipment. |
||
| 650 |
_aAirplanes _xElectronic equipment. |
||
| 650 | _a Avionics. | ||
| 942 |
_2ddc _cEN _mEIS _h629.1354 |
||
| 999 |
_c87934 _d87934 |
||